Translate these Countries from Mongolian to English - Statistics

General Stats
  • This quiz has been taken 510 times
  • The average score is 12 of 20
Answer Stats
Монгол Mongolian English % Correct
Монгол улс Mongol uls Mongolia
97%
Грек Gryek Greece
95%
Испани Ispani Spain
95%
Япон Yapon Japan
90%
Малайз Malaiz Malaysia
89%
Өмнөд Африк Omnyed Afrik South Africa
86%
Дани улс Dani uls Denmark
77%
Гайти Gaiti Haiti
72%
Өмнөд Солонгос Omnyed Solongos South Korea
69%
Комор Komor Comoros
62%
Хойд Солонгос Khoid Solongos North Korea
61%
Швед Shvyed Sweden
54%
Хорват Khorvat Croatia
50%
Швейцарь улс Shveytsari uls Switzerland
48%
Орос Oros Russia
45%
Гүрж улс Gurzh uls Georgia
39%
Хятад улс Khyarad uls China
37%
Энэтхэг Enetkheg India
28%
Балба улс Balba uls Nepal
17%
Нэгдсэн Улс Negdsyen uls United States
15%
No matching quizzes found
Score Distribution
Percent of People with Each Score
Percentile by Number Answered
Your Score History
You have not taken this quiz